000 00750nam a2200229 4500
001 15716
010 _a9789898973108
021 _b459598/19
090 _a15716
100 _a20191126d2019 c y0pory50030103ba
200 1 _aClara e a ilha do plástico
_fLiliana Geraldes
_gil. Carmen Costa
205 _a1ª ed.
210 9 _aSilveira
_cAssocia—cão Pais das Artes
_cBookBuilders,
_d2019
215 _a32, [1] p.
_cil.
_d26 cm
675 _a087.5
_vBN
_zpor
675 _a504.5(0.053.5)
_vBN
_zpor
675 _a502.51(0.053.5)
_vBN
_zpor
700 1 _aGeraldes,
_bLiliana,
_f1985-
702 1 _aCosta,
_bCarmen,
_f198?-
801 0 _aPT
_bBN
_gRPC
856 4 1 _uhttp://rnod.bnportugal.gov.pt/ImagesBN/winlibimg.aspx?skey=&doc=2034765&img=133370&save=true
990 _cLIVROS